[Event "Online Olym Div3 A 2021"]
[Site "chess.com INT"]
[Date "2021.08.29"]
[Round "7.5"]
[Board "2"]
[White "Gurbanov, Andrei"]
[Black "Subramaniam, Sumant"]
[Result "1-0"]
[WhiteTitle "IM"]
[BlackTitle "FM"]
[WhiteElo "2259"]
[BlackElo "2155"]
[WhiteTeam "IPCA"]
[BlackTeam "Malaysia"]
[WhiteFideId "13503391"]
[BlackFideId "5702720"]
[EventDate "2021.08.27"]
[EventType "team"]

1. d4 Nf6 2. c4 c5 3. d5 e6 4. Nc3 exd5 5. cxd5 d6 6. Nf3 g6 7. Nd2 Bg7 8. e4
O-O 9. Be2 Re8 10. O-O b6 11. Bb5 Re7 12. Re1 a6 13. Bf1 b5 14. a3 Nbd7 15. Rb1
Qe8 16. b4 Bb7 17. Bb2 Rc8 18. Bxb5 axb5 19. Nxb5 Rb8 20. Nxd6 Qd8 21. N2c4 cxb4
22. axb4 Ba6 23. b5 Bxb5 24. Bxf6 Nxf6 25. Rxb5 Rxb5 26. Nxb5 Nxe4 27. d6 Rb7
28. Rxe4 Rxb5 29. g3 Qa8 30. d7 Rb8 31. Nd6 Bf8 32. Re8 Kg7 33. Rxb8 Qxb8 34.
Ne8+ 1-0

[Event "Online Olym Div3 A 2021"]
[Site "chess.com INT"]
[Date "2021.08.29"]
[Round "7.5"]
[Board "3"]
[White "Azhar, Puteri Munajjah Az-Zahraa"]
[Black "Aleksandrova, Aleksandra"]
[Result "1-0"]
[WhiteTitle "WIM"]
[BlackTitle "WFM"]
[WhiteElo "2046"]
[BlackElo "1731"]
[WhiteTeam "Malaysia"]
[BlackTeam "IPCA"]
[WhiteFideId "5709040"]
[BlackFideId "4144198"]
[EventDate "2021.08.27"]
[EventType "team"]

1. e4 d6 2. d4 c6 3. Nf3 Nd7 4. Nc3 Qc7 5. Be2 e5 6. Be3 Ngf6 7. O-O Be7 8. a4
a5 9. dxe5 dxe5 10. Bc4 Nc5 11. Nd2 Ng4 12. Qf3 O-O 13. h3 Nxe3 14. Qxe3 Be6 15.
Be2 h6 16. Qg3 Bg5 17. Nc4 Bf4 18. Qh4 g6 19. Ne3 Rae8 20. Ng4 Bxg4 21. Bxg4 Qb6
22. Rab1 Qb4 23. Bf3 Nxa4 24. Nxa4 Qxa4 25. b3 Qb4 26. Rfd1 f5 27. Rd7 fxe4 28.
c3 Qxc3 29. Bxe4 Bg5 30. Qg4 Rf4 31. Qe2 Ref8 32. Bxg6 Rxf2 33. Qc4+ Qxc4 34.
bxc4 Be3 35. Kh2 b6 36. Rc7 R2f6 37. Be4 c5 38. Rd1 Bd4 39. Rd3 Bf2 40. Rdd7
R6f7 41. Bd5 e4 42. Rxf7 Rxf7 43. Rxf7 1-0

[Event "Online Olym Div3 A 2021"]
[Site "chess.com INT"]
[Date "2021.08.29"]
[Round "7.5"]
[Board "4"]
[White "Kaydanovich, Marina"]
[Black "Azhar, Puteri Rifqah Fahada"]
[Result "1/2-1/2"]
[WhiteTitle "WIM"]
[BlackTitle "WFM"]
[WhiteElo "1737"]
[BlackElo "1939"]
[WhiteTeam "IPCA"]
[BlackTeam "Malaysia"]
[WhiteFideId "4134877"]
[BlackFideId "5702879"]
[EventDate "2021.08.27"]
[EventType "team"]

1. c4 Nf6 2. Nc3 e6 3. d4 d5 4. e3 Be7 5. Nf3 O-O 6. Bd3 Nbd7 7. O-O c6 8. Qc2
Bd6 9. e4 dxe4 10. Nxe4 Nxe4 11. Bxe4 h6 12. h3 Qc7 13. b3 e5 14. Bb2 exd4 15.
Bxd4 Ne5 16. Rad1 Nxf3+ 17. Bxf3 Be5 18. Be3 Be6 19. Rd2 Rfd8 20. Rfd1 a6 21. a4
Rxd2 22. Qxd2 Rc8 23. Bg4 f5 24. Bh5 Kh7 25. Qd3 g6 26. Bf3 Qf7 27. Bc5 Re8 28.
Qc2 Bf6 29. Bd4 Rd8 30. Bxf6 Qxf6 31. Rxd8 Qxd8 32. Qd1 Qxd1+ 33. Bxd1 Kg7 34.
Kf1 Kf6 35. f4 b6 36. Kf2 Ke7 37. Ke3 Kd6 38. Kd4 c5+ 39. Kc3 a5 40. Bf3 Bf7 41.
Kd3 h5 42. Ke3 1/2-1/2

[Event "Online Olym Div3 A 2021"]
[Site "chess.com INT"]
[Date "2021.08.29"]
[Round "7.5"]
[Board "5"]
[White "Chan, Kim Yew"]
[Black "Lipilin, Ilia"]
[Result "0-1"]
[WhiteTitle "FM"]
[BlackTitle "FM"]
[WhiteElo "2303"]
[BlackElo "2189"]
[WhiteTeam "Malaysia"]
[BlackTeam "IPCA"]
[WhiteFideId "5717981"]
[BlackFideId "54113245"]
[EventDate "2021.08.27"]
[EventType "team"]

1. b3 f5 2. Bb2 d6 3. f4 Nf6 4. Nf3 e6 5. g3 Be7 6. Bg2 O-O 7. O-O Nc6 8. e3 Ng4
9. c4 Bf6 10. Nc3 Bd7 11. Qe2 Qe8 12. Rad1 Qh5 13. h3 Nh6 14. e4 Qg6 15. e5 dxe5
16. fxe5 Be7 17. Qf2 Nf7 18. d4 Qh5 19. Ne2 g5 20. d5 Nb4 21. d6 cxd6 22. exd6
Bd8 23. a3 Nc6 24. c5 e5 25. b4 a6 26. Nc3 Be6 27. Nd5 Bxd5 28. Rxd5 Bf6 29. Nd2
Nh6 30. Nc4 g4 31. h4 f4 32. gxf4 Bxh4 33. Qe3 Nf5 34. Rxe5 Nxe5 35. Bd5+ Kg7
36. Qxe5+ Bf6 37. Qe6 Bxb2 38. Nxb2 Rae8 39. Qd7+ Kh8 40. Be6 g3 0-1

[Event "Online Olym Div3 A 2021"]
[Site "chess.com INT"]
[Date "2021.08.29"]
[Round "7.5"]
[Board "6"]
[White "Dorozhkina, Mariya"]
[Black "Chua, Jia-Tien"]
[Result "0-1"]
[WhiteTitle "WFM"]
[BlackTitle "WCM"]
[WhiteElo "1714"]
[BlackElo "1822"]
[WhiteTeam "IPCA"]
[BlackTeam "Malaysia"]
[WhiteFideId "54132185"]
[BlackFideId "5710006"]
[EventDate "2021.08.27"]
[EventType "team"]

1. d4 d5 2. c4 c6 3. Nf3 Nf6 4. g3 Bf5 5. Bg2 e6 6. O-O Be7 7. Nc3 O-O 8. Nd2
Nbd7 9. e4 dxe4 10. Ndxe4 Nxe4 11. Nxe4 Nf6 12. Nc3 Qb6 13. Na4 Qb4 14. b3 Rfd8
15. a3 Qd6 16. Bb2 Be4 17. f3 Bg6 18. Nc5 Qc7 19. Qe2 Bxc5 20. dxc5 Bd3 21. Qe3
Bxf1 22. Bxf1 Qe7 23. Be5 Ne8 24. Bd3 f6 25. Bc3 Rd7 26. Kg2 Rad8 27. Bc2 g6 28.
Re1 Ng7 29. g4 Re8 30. b4 e5 31. h4 Ne6 32. Rh1 Nf4+ 33. Kg3 Red8 34. g5 Rd3 35.
Bxd3 Rxd3 36. Qe1 Rxc3 0-1

[Event "Online Olym Div3 A 2021"]
[Site "chess.com INT"]
[Date "2021.08.29"]
[Round "8.1"]
[Board "1"]
[White "Thing, Bibek"]
[Black "Yarmonov, Igor"]
[Result "1-0"]
[WhiteTitle "CM"]
[BlackTitle "IM"]
[WhiteElo "2190"]
[BlackElo "2394"]
[WhiteTeam "Nepal"]
[BlackTeam "IPCA"]
[WhiteFideId "12303135"]
[BlackFideId "14114496"]
[EventDate "2021.08.27"]
[EventType "team"]

1. e4 e5 2. Nf3 Nc6 3. Bc4 Nf6 4. d3 Be7 5. O-O O-O 6. a4 a6 7. Nbd2 d6 8. c3
Nd7 9. Bb3 Nc5 10. Bc2 Bg4 11. h3 Bh5 12. Re1 Ne6 13. Nf1 Bg5 14. Ng3 Bxc1 15.
Rxc1 Bxf3 16. Qxf3 Qg5 17. Rcd1 g6 18. b4 Kg7 19. a5 Qf4 20. Qe2 Rad8 21. Ba4
Qg5 22. Qf3 Ne7 23. d4 Nf4 24. Ne2 Nxe2+ 25. Rxe2 c6 26. Red2 d5 27. exd5 Rxd5
28. Bb3 Rd6 29. h4 Qf4 30. dxe5 Qxf3 31. gxf3 Rxd2 32. Rxd2 Rb8 33. Rd7 Kf8 34.
Rd6 b6 35. axb6 Rxb6 36. Rd8+ Kg7 37. Rd7 Kf8 38. Rd8+ Kg7 39. Bc4 Nf5 40. Rd7
Kh6 41. Bxf7 Nxh4 42. e6 Kg7 43. Bg8+ Kf8 44. Bxh7 c5 45. Rf7+ Ke8 46. bxc5 Rxe6
47. Ra7 Nxf3+ 48. Kg2 Rf6 49. Bg8 Ne1+ 50. Kg1 Nd3 51. Bd5 Nxc5 52. f3 Rd6 53.
c4 Rb6 54. Kf2 Kd8 55. Ke3 Kc8 56. Kd4 Nb3+ 57. Kc3 a5 58. Rg7 Nc5 59. Ra7 a4
60. Kd4 Nb3+ 61. Kc3 Nc5 62. Ra5 Rb3+ 63. Kd4 Nd7 64. Rxa4 Nb6 65. c5 Nxd5 66.
Kxd5 Rxf3 67. Ra6 Kc7 68. Ra7+ Kd8 69. Ra6 Kc7 70. Ra7+ Kc8 71. Ra6 Rf5+ 72. Kc4
g5 73. Rg6 Kc7 74. Kb5 Re5 75. Rg7+ Kc8 76. Kb6 Re1 77. Rxg5 Rb1+ 78. Kc6 Kd8
79. Rg8+ Ke7 80. Kc7 Kf7 81. Rg4 Ke6 82. c6 Rb2 83. Re4+ Kd5 84. Re1 Rc2 85. Kd7
Rxc6 86. Rd1+ 1-0

[Event "Online Olym Div3 A 2021"]
[Site "chess.com INT"]
[Date "2021.08.29"]
[Round "8.1"]
[Board "2"]
[White "Gurbanov, Andrei"]
[Black "Hamal, Manish"]
[Result "1-0"]
[WhiteTitle "IM"]
[BlackTitle "FM"]
[WhiteElo "2259"]
[BlackElo "2006"]
[WhiteTeam "IPCA"]
[BlackTeam "Nepal"]
[WhiteFideId "13503391"]
[BlackFideId "12300110"]
[EventDate "2021.08.27"]
[EventType "team"]

1. d4 Nf6 2. c4 g6 3. Nc3 d6 4. e4 Bg7 5. f3 O-O 6. Be3 e5 7. Nge2 Nc6 8. d5 Ne7
9. g4 Nd7 10. Qd2 a5 11. h4 f6 12. h5 Nc5 13. hxg6 hxg6 14. O-O-O g5 15. Ng3 Ng6
16. Qh2 Kf7 17. Bxc5 dxc5 18. d6 c6 19. d7 Bxd7 20. Nf5 Rh8 21. Qg1 Qc7 22. Rxh8
Rxh8 23. Qxc5 Bf8 24. Qe3 Nf4 25. c5 Be6 26. Nd6+ Kg6 27. Na4 Rh2 28. Kb1 Qh7
29. Bc4 Rh1 30. Qc1 Bxc4 1-0

[Event "Online Olym Div3 A 2021"]
[Site "chess.com INT"]
[Date "2021.08.29"]
[Round "8.1"]
[Board "3"]
[White "Joshi, Sindira"]
[Black "Aleksandrova, Aleksandra"]
[Result "1-0"]
[BlackTitle "WFM"]
[WhiteElo "1506"]
[BlackElo "1731"]
[WhiteTeam "Nepal"]
[BlackTeam "IPCA"]
[WhiteFideId "12312754"]
[BlackFideId "4144198"]
[EventDate "2021.08.27"]
[EventType "team"]

1. e4 d5 2. exd5 Qxd5 3. Nc3 Qa5 4. d4 c6 5. Nf3 Nd7 6. Bc4 e6 7. O-O Ngf6 8.
Bb3 Bd6 9. Re1 O-O 10. Ne4 Nxe4 11. Rxe4 Qf5 12. Re1 b5 13. c3 Bb7 14. Bc2 Qh5
15. h3 Rae8 16. Be3 Bb8 17. Bd3 e5 18. Be2 Qg6 19. dxe5 Bc8 20. Bd3 Qe6 21. Ng5
Qxe5 22. Bxh7+ Kh8 23. Qh5 Nf6 24. Qh4 Qh2+ 25. Kf1 Qh1+ 26. Ke2 Bg4+ 27. Kd2 1-0

[Event "Online Olym Div3 A 2021"]
[Site "chess.com INT"]
[Date "2021.08.29"]
[Round "8.1"]
[Board "4"]
[White "Kaydanovich, Marina"]
[Black "Yadav, Sneha"]
[Result "1-0"]
[WhiteTitle "WIM"]
[WhiteElo "1737"]
[BlackElo "1524"]
[WhiteTeam "IPCA"]
[BlackTeam "Nepal"]
[WhiteFideId "4134877"]
[BlackFideId "12319945"]
[EventDate "2021.08.27"]
[EventType "team"]

1. c4 c5 2. Nc3 Nc6 3. Nf3 g6 4. e3 Bg7 5. d4 cxd4 6. exd4 Nf6 7. Be2 O-O 8. O-O
b6 9. h3 Bb7 10. d5 Nb4 11. a3 Na6 12. Be3 Rc8 13. Rc1 Re8 14. b4 d6 15. Nb5 Ra8
16. Bd3 Qd7 17. Bb1 Nxd5 18. cxd5 Qxb5 19. Bd3 Qd7 20. Qe2 Nc7 21. Bd4 Bxd5 22.
Bxg7 Kxg7 23. Nh2 a6 24. Qd2 Be6 25. Qc3+ Kg8 26. Qxc7 Qxc7 27. Rxc7 Kg7 28.
Rfc1 b5 29. Nf3 h6 30. Nd4 Bf5 31. Nxf5+ gxf5 32. Bxf5 e6 33. Bg4 a5 34. Bh5 Rf8
35. Rb7 axb4 36. axb4 Rab8 37. Rcc7 Ra8 38. Rxb5 d5 39. Rbb7 Kf6 40. Bxf7 Ke5
41. Re7 Ra1+ 42. Kh2 Ra6 43. b5 Rd6 44. Red7 d4 45. Rxd6 Kxd6 46. Bg6 Rd8 47.
Bd3 Kc5 48. Re7 Kd6 49. Rh7 Rb8 50. Rxh6 Re8 51. f4 Kc5 52. Rh5+ Kb6 53. Re5 Kc7
54. g4 Kd6 55. Re2 e5 56. fxe5+ Rxe5 57. Rxe5 Kxe5 58. Kg3 Kd5 59. Kf4 Kc5 60.
Ke4 Kb6 61. Kxd4 Kb7 62. Kc5 Ka7 63. Kc6 Ka8 64. Kc7 Ka7 65. b6+ Ka8 66. b7+ 1-0

[Event "Online Olym Div3 A 2021"]
[Site "chess.com INT"]
[Date "2021.08.29"]
[Round "8.1"]
[Board "5"]
[White "Paudel, Yubraj"]
[Black "Lipilin, Ilia"]
[Result "0-1"]
[BlackTitle "FM"]
[WhiteElo "1837"]
[BlackElo "2189"]
[WhiteTeam "Nepal"]
[BlackTeam "IPCA"]
[WhiteFideId "12312886"]
[BlackFideId "54113245"]
[EventDate "2021.08.27"]
[EventType "team"]

1. d4 f5 2. c4 Nf6 3. g3 g6 4. Bg2 Bg7 5. h4 d6 6. Nh3 e5 7. dxe5 dxe5 8. Qxd8+
Kxd8 9. Nc3 c6 10. Bg5 Be6 11. O-O-O+ Ke7 12. b3 Nd7 13. e4 h6 14. Be3 Ng4 15.
Bd2 Rad8 16. f3 Ngf6 17. Na4 b6 18. c5 b5 19. Nb2 Nb8 20. Ba5 Rxd1+ 21. Rxd1 Na6
22. exf5 gxf5 23. Nf2 Nd5 24. Re1 Nxc5 25. Nfd3 Nxd3+ 26. Nxd3 Kd6 27. f4 e4 28.
Nf2 Bd4 29. Nh1 Rg8 30. Rd1 c5 31. b4 Be3+ 32. Kc2 c4 33. a4 a6 34. axb5 axb5
35. Ra1 Bd4 36. Bc7+ Kxc7 0-1

[Event "Online Olym Div3 A 2021"]
[Site "chess.com INT"]
[Date "2021.08.29"]
[Round "8.1"]
[Board "6"]
[White "Nikitskaya, Varvara"]
[Black "Pudasaini, Aava"]
[Result "1-0"]
[WhiteElo "1173"]
[BlackElo "1379"]
[WhiteTeam "IPCA"]
[BlackTeam "Nepal"]
[WhiteFideId "34420029"]
[BlackFideId "12311995"]
[EventDate "2021.08.27"]
[EventType "team"]

1. e4 e5 2. d4 Nc6 3. d5 Nce7 4. Nf3 d6 5. Be2 Nf6 6. Nbd2 g6 7. c4 Bg7 8. Qc2
c5 9. O-O O-O 10. a3 b6 11. Rb1 Nh5 12. b4 f5 13. Ng5 fxe4 14. Ndxe4 Bf5 15. Ne6
Bxe6 16. dxe6 Nf6 17. Bf3 Rb8 18. Ng5 Ne8 19. Rd1 Qc7 20. Nf7 Nf5 21. Be3 Qe7
22. bxc5 dxc5 23. Bd5 Nc7 24. Bg5 Qe8 25. e7 Nxe7 26. Nd6+ Kh8 27. Nxe8 Rfxe8
28. Bxe7 Rxe7 29. Qe4 Nxd5 30. Qxd5 Rbe8 31. Re1 1-0

[Event "Online Olym Div3 A 2021"]
[Site "chess.com INT"]
[Date "2021.08.29"]
[Round "8.2"]
[Board "1"]
[White "Kulpruethanon, Thanadon"]
[Black "Lim, Zhuo Ren"]
[Result "1/2-1/2"]
[WhiteTitle "FM"]
[BlackTitle "FM"]
[WhiteElo "2278"]
[BlackElo "2311"]
[WhiteTeam "Thailand"]
[BlackTeam "Malaysia"]
[WhiteFideId "6201610"]
[BlackFideId "5702488"]
[EventDate "2021.08.27"]
[EventType "team"]

1. Nf3 c5 2. g3 Nc6 3. Bg2 g6 4. c4 Bg7 5. Nc3 d6 6. O-O Rb8 7. a3 Nf6 8. Rb1 a5
9. d3 O-O 10. Bg5 h6 11. Bd2 Bd7 12. Nd5 Nxd5 13. cxd5 Nd4 14. Nxd4 cxd4 15. Qb3
b5 16. Rfc1 Qb6 17. Rc2 Rfc8 18. Rbc1 Rxc2 19. Rxc2 Rc8 20. Rxc8+ Bxc8 21. a4 b4
22. Qc2 Bd7 23. b3 h5 1/2-1/2

[Event "Online Olym Div3 A 2021"]
[Site "chess.com INT"]
[Date "2021.08.29"]
[Round "8.2"]
[Board "2"]
[White "Looi, Xin Hao"]
[Black "Khumnorkaew, Tupfah"]
[Result "1-0"]
[WhiteElo "2101"]
[BlackElo "2123"]
[WhiteTeam "Malaysia"]
[BlackTeam "Thailand"]
[WhiteFideId "5702828"]
[BlackFideId "6202071"]
[EventDate "2021.08.27"]
[EventType "team"]

1. d4 Nf6 2. c4 c5 3. d5 g6 4. Nc3 Bg7 5. e4 d6 6. f4 O-O 7. Nf3 e6 8. Bd3 exd5
9. cxd5 b5 10. Bxb5 Nxe4 11. Nxe4 Qa5+ 12. Kf2 Qxb5 13. Nxd6 Qd7 14. Nxc8 Rxc8
15. Re1 Rd8 16. Be3 Na6 17. Qe2 Qb7 18. Rad1 Rac8 19. b3 Nb4 20. d6 Nd5 21. Qc4
Nc3 22. Rd3 Ne4+ 23. Kf1 Nxd6 24. Qd5 Qb5 25. a4 Qa6 26. Kg1 Nb7 27. Qc4 Qxc4
28. Rxd8+ Rxd8 29. bxc4 Rd3 30. Rb1 Rxe3 31. Rxb7 Rc3 32. Rxa7 Rxc4 33. Ne5 Bxe5
34. fxe5 Re4 35. a5 Rxe5 36. Rc7 c4 37. a6 Ra5 38. a7 Kg7 39. Kf2 h5 40. Ke3 c3
41. Kd3 Kf6 42. Kxc3 Ke6 43. Kb4 Ra1 44. Kb5 f5 45. Kb6 g5 46. Kb7 Rb1+ 47. Kc8
Ra1 48. Kb8 Kd6 49. Rb7 Rf1 50. a8=Q 1-0

[Event "Online Olym Div3 A 2021"]
[Site "chess.com INT"]
[Date "2021.08.29"]
[Round "8.2"]
[Board "3"]
[White "Atikankhotchasee, Manunthon"]
[Black "Azhar, Puteri Munajjah Az-Zahraa"]
[Result "1/2-1/2"]
[WhiteTitle "WFM"]
[BlackTitle "WIM"]
[WhiteElo "1548"]
[BlackElo "2046"]
[WhiteTeam "Thailand"]
[BlackTeam "Malaysia"]
[WhiteFideId "6203191"]
[BlackFideId "5709040"]
[EventDate "2021.08.27"]
[EventType "team"]

1. d4 Nf6 2. Bg5 e6 3. g3 Be7 4. Bg2 d5 5. c4 O-O 6. cxd5 exd5 7. e3 c6 8. Ne2
Qb6 9. Qc1 Bg4 10. Nbc3 Nbd7 11. O-O Rac8 12. a3 h6 13. Bxf6 Nxf6 14. Qd2 Rfd8
15. b4 Ne8 16. h3 Bf5 17. g4 Bh7 18. b5 Nf6 19. bxc6 bxc6 20. Ng3 Rb8 21. Rfc1
Qa6 22. Qe2 Bd3 23. Qd1 Bc4 24. Bf1 Bxf1 25. Qxf1 Qxf1+ 26. Kxf1 Rb3 27. Na4 Rc8
28. Nc5 Rb6 29. Nf5 Bf8 30. a4 a5 31. Nh4 Rcb8 32. Nf3 Bd6 33. Ne5 Rc8 34. Ned3
Kf8 35. Rcb1 Rcb8 36. Rc1 Ke7 37. Kg2 Nd7 38. h4 g6 39. Kf3 Rf8 40. Rab1 Rfb8
41. Ra1 Rf8 42. Rab1 Rfb8 43. Ra1 1/2-1/2

[Event "Online Olym Div3 A 2021"]
[Site "chess.com INT"]
[Date "2021.08.29"]
[Round "8.2"]
[Board "4"]
[White "Azhar, Puteri Rifqah Fahada"]
[Black "Taweesupmun, Chanida"]
[Result "1-0"]
[WhiteTitle "WFM"]
[BlackTitle "WCM"]
[WhiteElo "1939"]
[BlackElo "1618"]
[WhiteTeam "Malaysia"]
[BlackTeam "Thailand"]
[WhiteFideId "5702879"]
[BlackFideId "6200117"]
[EventDate "2021.08.27"]
[EventType "team"]

1. e4 c5 2. Nc3 Nc6 3. g3 Nf6 4. Bg2 d6 5. h3 g6 6. Nge2 Bg7 7. d3 O-O 8. O-O a6
9. f4 e5 10. Be3 b6 11. f5 Bb7 12. g4 d5 13. Nxd5 Nxd5 14. exd5 Nb4 15. c4 a5
16. a3 Na6 17. Qd2 Qd7 18. Bh6 Nc7 19. f6 Bxh6 20. Qxh6 Ne8 21. Ng3 Nxf6 22.
Rxf6 Qe7 23. Ne4 Rfd8 24. Rxb6 f5 25. gxf5 gxf5 26. Nf6+ Kh8 27. Qxh7+ Qxh7 28.
Nxh7 Kxh7 29. Rxb7+ Kh6 30. Re1 Re8 31. Rb6+ Kg5 32. Rc6 Rab8 33. Rxc5 Rxb2 34.
d6 Rd8 35. Rd5 Kf6 36. Rdxe5 Rxd6 37. Bd5 Rd7 38. R1e2 Rg7+ 39. Kf2 Rb1 40. Re6+
Kg5 41. Ke3 f4+ 42. Kd4 Kh4 43. c5 1-0

[Event "Online Olym Div3 A 2021"]
[Site "chess.com INT"]
[Date "2021.08.29"]
[Round "8.2"]
[Board "5"]
[White "Laohawirapap, Prin"]
[Black "Chan, Kim Yew"]
[Result "1-0"]
[WhiteTitle "CM"]
[BlackTitle "FM"]
[WhiteElo "2125"]
[BlackElo "2303"]
[WhiteTeam "Thailand"]
[BlackTeam "Malaysia"]
[WhiteFideId "6205003"]
[BlackFideId "5717981"]
[EventDate "2021.08.27"]
[EventType "team"]

1. e4 c5 2. Nc3 g6 3. d4 Bg7 4. dxc5 Bxc3+ 5. bxc3 Qa5 6. Ne2 Qxc5 7. Qd4 Qxd4
8. cxd4 d6 9. f3 Nf6 10. Bh6 Nbd7 11. Nc3 a6 12. a4 b6 13. a5 b5 14. Na2 Bb7 15.
Rb1 Rb8 16. Kd2 Nxe4+ 17. fxe4 Bxe4 18. Rg1 d5 19. Nb4 Ra8 20. Bd3 Bxd3 21. Nxd5
Be4 22. Nc7+ Kd8 23. Nxa8 Bxa8 24. g3 Nf6 25. c4 Ne4+ 26. Ke3 Kd7 27. Rgc1 Nd6
28. cxb5 Nf5+ 29. Kd3 Nxh6 30. b6 Nf5 31. b7 Bxb7 32. Rxb7+ Ke6 33. Rb6+ Nd6 34.
Rxa6 Rb8 35. Rb6 Ra8 36. a6 Kd7 37. Ra1 Kc7 38. Rb2 Ra7 39. Re2 Kd7 40. Rc2 h5
41. h3 Ke6 42. Kc3 Kd5 43. Kd3 Ke6 44. Rc5 Kd7 45. d5 Nf5 46. g4 hxg4 47. hxg4
Nd6 48. Rcc1 Ne8 49. Kd4 Nc7 50. Ra5 Kd8 51. Rca1 Kd7 52. Kc5 Na8 53. Rb5 Kc7
54. Kb4 Kd6 55. Kc4 Nc7 56. Rb6+ Ke5 57. Kc5 Kf4 58. Rc6 Kxg4 59. Kb6 Rxa6+ 60.
Rxa6 Nxa6 61. Kxa6 f5 62. Rc7 f4 63. Rxe7 f3 64. d6 f2 65. Rf7 1-0

[Event "Online Olym Div3 A 2021"]
[Site "chess.com INT"]
[Date "2021.08.29"]
[Round "8.2"]
[Board "6"]
[White "Chua, Jia-Tien"]
[Black "Prommuang, Araya"]
[Result "1-0"]
[WhiteTitle "WCM"]
[BlackTitle "WCM"]
[WhiteElo "1822"]
[BlackElo "1563"]
[WhiteTeam "Malaysia"]
[BlackTeam "Thailand"]
[WhiteFideId "5710006"]
[BlackFideId "6204996"]
[EventDate "2021.08.27"]
[EventType "team"]

1. e4 e5 2. Nf3 Nc6 3. Bc4 Bc5 4. c3 Nf6 5. d3 a6 6. Bb3 h6 7. Nbd2 d6 8. Nf1
Qe7 9. Ng3 Bd7 10. Bc2 Bg4 11. h3 Be6 12. O-O O-O 13. d4 Bc4 14. dxc5 Bxf1 15.
Qxf1 dxc5 16. Be3 Nd7 17. Rd1 Rad8 18. Nf5 Qf6 19. Qc4 b5 20. Qd5 Kh7 21. Bxc5
Nb6 22. Qb3 Na5 23. Qb4 Rxd1+ 24. Bxd1 Rd8 25. Be2 Qe6 26. Qxa5 Na4 27. Be3 Qxa2
28. Qxc7 Rg8 29. Qxe5 Qxb2 30. Nxh6 Qxe2 31. Qf5+ 1-0

[Event "Online Olym Div3 A 2021"]
[Site "chess.com INT"]
[Date "2021.08.29"]
[Round "8.3"]
[Board "1"]
[White "Lee, Jun Hyeok"]
[Black "Tran, Thanh Tu"]
[Result "0-1"]
[WhiteTitle "IM"]
[BlackTitle "CM"]
[WhiteElo "2404"]
[BlackElo "2374"]
[WhiteTeam "South Korea"]
[BlackTeam "Japan"]
[WhiteFideId "13202340"]
[BlackFideId "12401404"]
[EventDate "2021.08.27"]
[EventType "team"]

1. e4 Nc6 2. d4 d6 3. d5 Nb8 4. c4 Nf6 5. Nc3 g6 6. h3 Bg7 7. Nf3 O-O 8. Bd3 e5
9. Be3 b6 10. g4 h5 11. g5 Nh7 12. Qd2 a5 13. O-O-O Na6 14. Nh4 Nc5 15. Bc2 Ba6
16. Qe2 Qd7 17. Nf5 a4 18. Nxg7 Kxg7 19. f4 exf4 20. Bd4+ Kg8 21. e5 Rae8 22. e6
fxe6 23. Bxg6 e5 24. Bxc5 bxc5 25. Qxh5 Re7 26. Ne4 Rg7 27. Rhg1 Bxc4 28. Bxh7+
Rxh7 29. Nf6+ Rxf6 30. gxf6+ Kf8 31. Qg6 Qf7 32. Qf5 Qd7 33. Qg5 Qf7 34. Rg4
Bxd5 35. Rdg1 Be4 36. Rh4 Qc4+ 37. Kd2 Qc2+ 38. Ke1 Qc1+ 39. Ke2 f3+ 40. Kf2
Qxg5 41. Rxg5 Rxh4 0-1

[Event "Online Olym Div3 A 2021"]
[Site "chess.com INT"]
[Date "2021.08.29"]
[Round "8.3"]
[Board "2"]
[White "Nanjo, Ryosuke"]
[Black "Kwon, Sehyun"]
[Result "1-0"]
[WhiteTitle "IM"]
[BlackTitle "CM"]
[WhiteElo "2338"]
[BlackElo "2195"]
[WhiteTeam "Japan"]
[BlackTeam "South Korea"]
[WhiteFideId "7000634"]
[BlackFideId "13203088"]
[EventDate "2021.08.27"]
[EventType "team"]

1. e4 c6 2. d4 d5 3. e5 c5 4. dxc5 e6 5. a3 Nc6 6. Nf3 Bxc5 7. b4 Bb6 8. Bd3
Nge7 9. O-O Ng6 10. Re1 f6 11. Bb2 Ngxe5 12. Nxe5 Nxe5 13. Bxe5 fxe5 14. Qh5+
Kf8 15. Qxe5 Qf6 16. Qxf6+ gxf6 17. c4 Bd4 18. Ra2 dxc4 19. Bxc4 e5 20. Bd5 Rb8
21. Rc2 Ke7 22. Nd2 Bf5 23. Ne4 Bb6 24. Rc3 Bg6 25. Nc5 Rhd8 26. Bf3 Bxc5 27.
bxc5 Rdc8 28. h4 h6 29. Bg4 Rc7 30. f4 b6 31. c6 Be8 32. fxe5 fxe5 33. Rxe5+ Kd6
34. Re6+ Kd5 35. Rxh6 Ke5 36. Re6+ Kd4 37. Rc1 Bf7 38. Rd6+ Ke5 39. Rd7 1-0

[Event "Online Olym Div3 A 2021"]
[Site "chess.com INT"]
[Date "2021.08.29"]
[Round "8.3"]
[Board "3"]
[White "Eynula, Roza"]
[Black "Sakai, Azumi"]
[Result "1-0"]
[WhiteTitle "WFM"]
[BlackTitle "WCM"]
[WhiteElo "2069"]
[BlackElo "1731"]
[WhiteTeam "South Korea"]
[BlackTeam "Japan"]
[WhiteFideId "2019531"]
[BlackFideId "7001800"]
[EventDate "2021.08.27"]
[EventType "team"]

1. d4 d5 2. c4 dxc4 3. Nc3 a6 4. a4 Nc6 5. Nf3 Bg4 6. e3 Na5 7. h3 Bxf3 8. Qxf3
e6 9. Be2 Nf6 10. O-O Be7 11. Rd1 c6 12. Rb1 O-O 13. e4 b5 14. Qg3 Kh8 15. Bf4
b4 16. Bc7 Qd7 17. Bxa5 bxc3 18. bxc3 Nxe4 19. Qf4 Qd5 20. Bxc4 Qxa5 21. Qxe4
Qxc3 22. Bd3 g6 23. Qe5+ Kg8 24. Rb7 Qa3 25. a5 Qd6 26. Qe4 Bf6 27. Bc2 Qd5 28.
Qf4 Bg7 29. Be4 Qxa5 30. Bxc6 Rac8 31. d5 e5 32. Qf3 Qc5 33. h4 Qd6 34. h5 Qf6
35. Qh3 Rfd8 36. hxg6 hxg6 37. Rd3 e4 38. Re3 Qa1+ 39. Kh2 Be5+ 40. g3 Bd4 41.
Re2 Qd1 42. Rxe4 Bxf2 43. Qg2 Bd4 44. Rh4 Qe1 45. Rxd4 Qe5 46. Re4 Qh5+ 47. Rh4
Qd1 48. Qf2 Qa1 49. Qxf7# 1-0

[Event "Online Olym Div3 A 2021"]
[Site "chess.com INT"]
[Date "2021.08.29"]
[Round "8.3"]
[Board "4"]
[White "Takayasu, Melody"]
[Black "Kim, Taegyeong"]
[Result "1/2-1/2"]
[BlackTitle "WCM"]
[WhiteElo "1692"]
[BlackElo "1523"]
[WhiteTeam "Japan"]
[BlackTeam "South Korea"]
[WhiteFideId "7003501"]
[BlackFideId "13200976"]
[EventDate "2021.08.27"]
[EventType "team"]

1. e4 Nf6 2. e5 Nd5 3. Nf3 d6 4. d4 g6 5. Bc4 Nb6 6. Bb3 Bg7 7. O-O dxe5 8. Nxe5
O-O 9. Bf4 c6 10. Na3 Bf5 11. c4 N8d7 12. Re1 Nxe5 13. dxe5 Be6 14. c5 Bxb3 15.
Qxb3 Nd5 16. Bg3 Qd7 17. Rad1 e6 18. Nc4 Rab8 19. Nd6 b6 20. cxb6 Rxb6 21. Qa3
Rfb8 22. b3 Rb4 23. Qc1 Bf8 24. Ne4 Bg7 25. Nd6 Bf8 26. Ne4 Bg7 27. Nd6 1/2-1/2